01381nam a2200361 a 4500001001100000003000800011006001900019007001500038008004100053010001700094015001500111016001900126020001500145020002100160040002100181035002000202050002800222082002400250100002500274245011600299260003200415300002300447490003000470504005100500533015200551650004500703650005200748655002900800710001700829830003100846856012500877999001701002ebr5003765CaPaEBRm u cr cn|||||||||010702s2000 enka sb 001 0 eng  z 00029108  aGBA1-354277 a04151715712Uk z0415171571 z041517158X(pbk.) aCaPaEBRcCaPaEBR a(OCoLC)4956987614aPN1993.5.G7bG47 2000eb04a791.430941090452211 aGeraghty, Christine.10aBritish cinema in the fiftiesh[electronic resource] :bgender, genre and the 'new look' /cChristine Geraghty. aLondon :bRoutledge,c2000. axv, 221 p. :bill.1 aCommunication and society aIncludes bibliographical references and index. aElectronic reproduction.bPalo Alto, Calif. :cebrary,d2013.nAvailable via World Wide Web.nAccess may be limited to ebrary affiliated libraries. 0aMotion pictureszGreat BritainxHistory. 0aMotion picturesxSocial aspectszGreat Britain. 7aElectronic books.2local2 aebrary, Inc. 0aCommunication and society.40uhttp://site.ebrary.com/lib/rucke/Doc?id=5003765zAn electronic book accessible through the World Wide Web; click to view c15274d15274